000 00279nam a22001217a 4500
008 180208b xxu||||| |||| 00| 0 eng d
041 _aeng
080 _a7
100 _a44
101 _aART
245 _aThe hirshhorn museum and sculpture garden
_cAbrams,H.N
942 _2udc
_cBK
999 _c42074
_d42074